| 000 | 00770nas a2200253 4500 | ||
|---|---|---|---|
| 001 | BR0808400 | ||
| 003 | BR-BrBNA | ||
| 005 | 20231205112839.0 | ||
| 007 | ta | ||
| 008 | 230509b bl.|||p| |||| 00| 00por d | ||
| 040 |
_aBR-BrBNA _bpor _cBiblioteca Nacional de Agricultura |
||
| 041 | _a(Pt) | ||
| 072 | _aF70; F30 | ||
| 100 | 1 | _aConterato, I.F. | |
| 100 | 1 | _aSchifino-Wittmann, M.T. | |
| 245 | 1 | _aO Gênero Lupinus L. (Leguminosae): aspectos científicos e econômicos | |
| 650 | _aTAXONOMIA VEGETAL | ||
| 650 | _aECONOMIA | ||
| 650 | _aMELHORAMENTO VEGETAL | ||
| 650 | _aLEGUMINOSA | ||
| 773 | 0 |
_tRevista Científica Rural (Brazil) _xISSN 1413-8263 _g(2005), v. 10(1) p. 84-94 _wBR0808400 |
|
| 909 |
_a202311 _bLúcia _c55 _dLúcia Elande |
||
| 942 |
_2AGRIS _n0 _cANA |
||
| 999 |
_c200360 _d200360 |
||